FAMOUS AMERICAN PLAYS OF THE 1970s WITH AN INTRODUCTION BY TED HOFFMAN / (Record no. 616437)

000 -LEADER
fixed length control field 00378nam a22001337a 4500
020 ## - INTERNATIONAL STANDARD BOOK NUMBER
Qualifying information PB.
040 ## - CATALOGING SOURCE
Transcribing agency FIZZA ISHAQ
082 ## - DEWEY DECIMAL CLASSIFICATION NUMBER
Classification number 839.726
Author Mark TED
100 ## - MAIN ENTRY--PERSONAL NAME
Personal name HOFFMAN,TED.
9 (RLIN) 133474
245 ## - TITLE STATEMENT
Title FAMOUS AMERICAN PLAYS OF THE 1970s WITH AN INTRODUCTION BY TED HOFFMAN /
Statement of responsibility, etc. TED HOFFMAN.
260 ## - PUBLICATION, DISTRIBUTION, ETC.
Place of publication, distribution, etc. NEW YORK ;
Name of publisher, distributor, etc. LAUREL,
Date of publication, distribution, etc. 1981.
300 ## - PHYSICAL DESCRIPTION
Extent 460 P. ;
Dimensions 6.8X4.1IN
942 ## - ADDED ENTRY ELEMENTS (KOHA)
Source of classification or shelving scheme
Koha item type Book
Holdings
Withdrawn status Lost status Source of classification or shelving scheme Damaged status Not for loan Permanent Location Current Location Shelving location Date acquired Total Checkouts Full call number Barcode Date last seen Price effective from Koha item type
          NUST Baluchistan Campus (NBC) NUST Baluchistan Campus (NBC) Fiction 02/26/2026   839.726 TED QD-662 02/26/2026 02/26/2026 Book
© 2023 Central Library, National University of Sciences and Technology. All Rights Reserved.